00503nam a2200157 a 450000100100000000500170001000800410002702000150006804000250008308200150010810000250012324500530014826000780020130000270027950400390030600001633320200929164357.0100303s1995 dr a 001 0 spa d a0929441702 aDO-SdBNPbspacBNPHU axxxbV181c1 aValle Rivera, Rafael10aCómo combatir la vejez /cRafael Valle Rivera. aSan Juan (Puerto Rico) :bPublicaciones PuertorriqueñafCorripioc1995. a93 p. :bil. ;c22 cm. aIncluye bibliografías [p. 90-93]